Famous Bears Quiz Stats

 Plays Quiz Updated Dec 10, 2018

     
Support Sporcle.
Go Orange.
Score 0/22 Timer 05:00
0 Plays Today
Clue Famous Bear % Correct
Picnic basket-stealing cartoon characterYogi Bear
89.1%
Stuffed animals with tummy symbols that promote feelings (Grumpy/Cheer, etc.)Care Bears
87.4%
Goldilocks paid them a 'visit'The Three Bears (Papa Bear, Mama Bear, and Baby Bear)
87.1%
Small, rubbery textured, colorful candy originating in GermanyGummi Bears
84.3%
A. A. Milne's beloved bear; friend of Christopher RobinWinnie the Pooh
82.3%
Toy inspired by a U.S. president's nicknameTeddy bear
80.8%
U.S. Forest Service mascot since 1944; 'Only you can prevent forest fires'Smokey Bear
74.2%
The little friend & sidekick of above cartoon characterBoo Boo Bear
70.7%
Bear in poem: '________was a bear; _______ had no hair.....'Fuzzy Wuzzy
63.7%
Mowgli's pal in 'The Jungle Book'Baloo
57.3%
Muppet with the catchphrase 'Wocka Wocka Wocka'Fozzie Bear
51.4%
Clue Famous Bear % Correct
Bear in children's books with a name inspired by a London railway station; wares a tag saying 'Please look after this bear.'Paddington Bear
48.6%
Disney's 2003 animated feature about an Inuit hunter who turns into a bearBrother Bear
46.1%
Series of children's books featuring Father Bear, Mother Bear, Brother Bear, and Sister BearThe Berenstain Bears
42.7%
Title of book (also the bear's name) by Don Freeman; the material of his overalls gave him his nameCorduroy
41.3%
British adventurer & star of Born Survivor and Man vs. Wild (nickname)Bear Grylls
33.4%
Animatronic talking bear toy introduced in 1985Teddy Ruxpin
22.9%
An attraction at Disney's Magic Kingdom involving singing animatronic bearsCountry Bear Jamboree
21.4%
TV series (1967-69) starring Dennis Weaver and a docile bear living in the Florida EvergladesGentle Ben
17.1%
Uncle Remus told stories about him in Disney's 'Song of the South'Br'er Bear
16.5%
Garfield's pet stuffed bearPooky
15%
Name of either of the two main bears in the above movieKoda or Kenai
10.4%

From the Vault

50 Hits to Click: 1991

by caramba

Music 6m
Ah, the early '90s where the voices were big and the hair was bigger.
Remove Ads.
Support Sporcle.
Get the best of Sporcle when you Go Orange. This ad-free experience offers more features, more stats, and more fun while also helping to support Sporcle. Thank you for becoming a member.

Show Comments

Extras

Top Quizzes Today


Score Distribution

Your Account Isn't Verified!

In order to create a playlist on Sporcle, you need to verify the email address you used during registration. Go to your Sporcle Settings to finish the process.

Report this User

Report this user for behavior that violates our Community Guidelines.

Details: